| 000 | 00594nam a2200205 a 4500 | ||
|---|---|---|---|
| 008 | |||
| 020 | _a0130905674 (pbk.) | ||
| 049 | _aMAIN | ||
| 090 | _aQD39.3C6 | ||
| 100 | 1 | _aFrech, Cheryl B. | |
| 245 | 1 | 0 |
_aMedia companion for CW / _cCheryl B. Frech, Julia R. Burdge, Thomas Gardner |
| 260 |
_aUpper Saddle : _bPrentice Hall, _c2001 |
||
| 300 | _a3rd ed. | ||
| 300 |
_ax, 48 p. : _bill. ; _c26 cm. |
||
| 907 |
_a.b10143841 _b15-12-04 _c15-12-04 |
||
| 999 |
_aNew Hlo. _c156241 _d156241 |
||
| 003 | |||
| 005 | 20230123133900.0 | ||
| 040 | _cNUST | ||
| 942 |
_cBOOKS _kQD39.3C6 |
||